Welcome to the Holygrace Academy Library

Please use search bar below to get started

MALAYALAM KADHAMALIKA - II (Record no. 1041)

MARC details
000 -LEADER
fixed length control field 00326nam a22001217a 4500
082 ## - DEWEY DECIMAL CLASSIFICATION NUMBER
Classification number 894.812
Item number DHA/M
100 ## - MAIN ENTRY--AUTHOR NAME
Personal name DAKSHIN BHARAT HINDI PRACHAR SABHA
245 ## - TITLE STATEMENT
Title MALAYALAM KADHAMALIKA - II
260 ## - PUBLICATION, DISTRIBUTION, ETC. (IMPRINT)
Place of publication ERNAKULAM
Name of publisher DAKSHIN BHARAT HINDI PRACHAR SABHA
Year of publication 1969
300 ## - PHYSICAL DESCRIPTION
Number of Pages 55
650 ## - SUBJECT ADDED ENTRY--TOPICAL TERM
Topical Term GENERAL KNOWLEDGE
Geographic subdivision KERALA
942 ## - ADDED ENTRY ELEMENTS (KOHA)
Koha item type Books
Holdings
Withdrawn status Lost status Collection code Home library Current library Shelving location Date acquired Source of acquisition Full call number Accession Number Koha item type
    Reference Main Library Main Library   06/05/2006 purchase 894.812 DHA/M 02335 Books